000 01452cam a2200325 i 4500
001 2070820
003 EG-ScBUE
005 20250309094222.0
008 941018s1995 enk f b 100 0 eng d
020 _a9780521070065
040 _aDLC
_beng
_erda
_cDLC
_dDLC
_dEG-ScBUE
082 0 4 _a530.1
_222
_bGEO
245 0 0 _aGeometry of constrained dynamical systems :
_bproceedings of a conference held at the Isaac Newton Institute, Cambridge, June 1994 /
_cedited by John M. Charap, Queen Mary and Westfield College, University of London.
264 1 _aCambridge [England] ;
_aNew York, NY, USA :
_bCambridge University Press,
_c1995.
300 _axiv, 335 pages ;
_c24 cm
336 _2rdacontent
_atext
_btxt
337 _aunmediated
_2rdamedia
_bn
338 _avolume
_bnc
_2rdacarrier
504 _aIncludes bibliographical references.
650 0 _aGeometry
_xCongresses.
_2BUEsh
_93574
650 7 _aGravity
_xCongresses.
_2BUEsh
_93575
650 7 _aQuantum field theory
_xCongresses.
_2BUEsh
_93576
650 7 _aGauge fields (Physics)
_xCongresses.
_2BUEsh
_93577
655 _vReading book
700 1 _aCharap, John M.,
_eeditor.
_93578
856 4 2 _3Publisher description
_uhttp://www.loc.gov/catdir/description/cam026/94041549.html
856 4 1 _3Table of contents
_uhttp://www.loc.gov/catdir/toc/cam027/94041549.html
942 _2ddc
_cBB
999 _c11276
_d11276